群馬・栃木・茨城県内の数字がつく駅 - Statistics

General Stats
  • This quiz has been taken 16 times
  • The average score is 7 of 12
Answer Stats
都道府県 事業者 路線 数字 駅名 % Correct
群馬県 JR東日本 上越線 八木原
80%
群馬県 JR東日本 信越本線 群馬八幡
73%
群馬県 上州電鉄 上信線 上州七日市
67%
群馬県 上州電鉄 上信線 上州一ノ宮
60%
群馬県 東武鉄道 桐生線 三枚橋
60%
群馬県 上毛電鉄 上毛線 三俣
53%
栃木県 野岩鉄道 会津鬼怒川線(野岩線) 中三依温泉
53%
栃木県 野岩鉄道 会津鬼怒川線(野岩線) 上三依塩原温泉口
47%
栃木県 宇都宮LRT 芳賀宇都宮LR線 陽東3丁目
47%
栃木県 真岡鉄道 真岡線 七井
47%
茨城県 関東鉄道 常総線 三妻
47%
茨城県 真岡鉄道 真岡線 下館二高前
33%
No matching quizzes found
Score Distribution
Percent of People with Each Score
Percentile by Number Answered
Your Score History
You have not taken this quiz